[Event "Belgrade-chT Quality"]
[Site "Belgrade"]
[Date "2016.10.09"]
[Round "4.2"]
[White "Stankovic, Tomislav"]
[Black "Sergijevic, Zoran"]
[Result "0-1"]
[WhiteElo "2108"]
[BlackElo "2113"]
[PlyCount "94"]
[EventDate "2016.10.01"]
[EventType "team-tourn"]
[EventRounds "11"]
[EventCountry "SRB"]
[SourceTitle "EXT 2018"]
[Source "ChessBase"]
[SourceDate "2017.10.13"]
[SourceVersion "1"]
[SourceVersionDate "2017.10.13"]
[SourceQuality "1"]

1. e4 d5 2. e5 Bf5 3. d4 e6 4. Nc3 c5 5. g4 Bg6 6. h4 h5 7. g5 Nc6 8. Nf3 Qb6 9. Na4 Qa5+ 10. c3 cxd4 11. Nxd4 Nxd4 12. Qxd4 Ne7 13. Qc5 Nc6 14. Qxa5 Nxa5 15. Bb5+ Nc6 16. Be3 a6 17. Bxc6+ bxc6 18. Bc5 Rb8 19. b4 Be7 20. Bd6 Bxd6 21. exd6 Kd7 22. Nc5+ Kxd6 23. Nxa6 Ra8 24. Nc5 Ra3 25. Kd2 Rha8 26. Nb7+ Kc7 27. Na5 c5 28. Rhc1 Kb6 29. f4 Kb5 30. Nb3 Rxa2+ 31. Rxa2 Rxa2+ 32. Ke3 d4+ 33. Kf3 Ra3 34. Nxc5 Rxc3+ 35. Rxc3 dxc3 36. Nb3 Kxb4 37. Nc1 c2 38. Ke3 Kc4 39. Ne2 Bf5 40. Kd2 Kd5 41. Ke3 e5 42. fxe5 Kxe5 43. Kd2 Bg4 44. Nc1 Bd1 45. Kc3 Kf5 46. Nd3 Kg4 47. Nc1 Kxh4 0-1

[Event "Belgrade-chT"]
[Site "Belgrade"]
[Date "2014.10.04"]
[Round "1"]
[White "Sergijevic, Zoran"]
[Black "Matejic, Zoran"]
[Result "1-0"]
[WhiteElo "2101"]
[BlackElo "2154"]
[PlyCount "131"]
[EventDate "2014.10.04"]
[EventType "team-tourn"]
[EventRounds "13"]
[EventCountry "SRB"]
[SourceTitle "EXT 2015"]
[Source "ChessBase"]
[SourceDate "2014.11.20"]
[SourceVersion "1"]
[SourceVersionDate "2014.11.20"]
[SourceQuality "1"]

1. e4 d5 2. exd5 Nf6 3. d4 Nxd5 4. c4 Nf6 5. Nf3 g6 6. Be2 Bg7 7. Nc3 0-0 8. 0-0 h6 9. h3 Kh7 10. Be3 Nfd7 11. Bd3 Nc6 12. a3 e5 13. d5 Ncb8 14. Qc2 f5 15. Nh2 Nf6 16. f3 Nbd7 17. Rad1 Qe7 18. Rfe1 Nc5 19. Be2 f4 20. Bf2 Bf5 21. d6 cxd6 22. Qd2 Rad8 23. b4 Ne6 24. Ng4 a6 25. Nxf6+ Qxf6 26. Nd5 Qf7 27. Bb6 Rd7 28. c5 Nd4 29. Bc4 Be6 30. Qa2 dxc5 31. Bxc5 Bxd5 32. Bxd5 Qxd5 33. Qxd5 Rxd5 34. Bxf8 Bxf8 35. Rc1 Nc6 36. Red1 Rd4 37. Kf2 Bg7 38. Ke2 Kg8 39. Rxd4 exd4 40. Kd3 Kf7 41. Ke4 g5 42. a4 Nxb4 43. Rc7+ Kg8 44. Rxb7 Bf8 45. Kxd4 Nc2+ 46. Ke4 a5 47. h4 Ne1 48. hxg5 hxg5 49. Rb5 Bb4 50. Rxg5+ Kf7 51. Rf5+ Ke6 52. Rxf4 Nxg2 53. Rg4 Ne1 54. Rg6+ Kf7 55. Rc6 Ng2 56. Ke5 Ke7 57. Rc7+ Kd8 58. Rh7 Bc3+ 59. Ke4 Bb4 60. Rh2 Ne1 61. f4 Ke7 62. f5 Kf6 63. Rh6+ Kf7 64. Rc6 Kg7 65. f6+ Kf7 66. Kf5 1-0